000 00609nam a22002297a 4500
001 46759
003 UA-OsUOA
005 20220717143516.0
007 ta
008 20070705b un ||||| |||| 00| 0 ukr d
040 _aUA-OsUOA
_brus
_cUA-OsUOA
_dUA-OsUOA
041 _arus
080 _a82.09
090 _a82.09
_bС29
100 _aСеливанова С. Д.
245 _aНад пушкинскими рукописями
260 _aМ.
_bНаука
_c1980
300 _a127 с.
650 7 _a82 Література. Літературознавство
_2UDC
942 _cBK
_2udc
955 _a4
999 _c332862
_d332862